| 000 | 00703nam a2200217 a 4500 | ||
|---|---|---|---|
| 005 | 20240606063731.0 | ||
| 008 | 040318s2001 es r 000 0 spa d | ||
| 020 | _a8427713665 | ||
| 035 | _aUPN01000132726 | ||
| 049 | _aCG | ||
| 050 | 4 |
_aLB1027.4 _bC7.2 |
|
| 245 | 0 | 0 |
_aCrear condiciones para la mejora del trabajo en el aula : _bmanual para la formación del profesorado / _cMel Ainscow ... [et al.] ; tr. Pablo Manzano. |
| 260 |
_aMadrid : _bNarcea, _c2001. |
||
| 300 | _a156 p. | ||
| 440 | 0 |
_aEducación hoy. _pEstudios |
|
| 650 | 2 |
_aPlan de clase _914466 |
|
| 650 | 7 |
_aEstrategias educativas _2 _91510 |
|
| 700 | 1 |
_aAinscow, Mel, _d1943- _ecoaut. _928260 |
|
| 905 | _aLibro | ||
| 999 |
_c104880 _d104880 |
||